[Event "Benidorm 2005 - sub2300"]
[Site "Benidorm ESP"]
[Date "2005.11.18"]
[Round "8.5"]
[White "Cappon, John"]
[Black "Peña, Alfredo"]
[Result "0-1"]
[WhiteElo "2197"]
[BlackElo "2291"]
[PlyCount "110"]
[EventDate "2005.11.11"]
[EventType "swiss"]
[EventRounds "9"]
[EventCountry "ESP"]
[Source "lmi"]
[SourceDate "2005.11.11"]

1. e4 e5 2. Nc3 Nf6 3. Bc4 Bc5 4. d3 d6 5. Na4 Bg4 6. Ne2 Nc6 7. f3 Be6 8. Bxe6
fxe6 9. Nxc5 dxc5 10. Be3 Qd6 11. Qd2 O-O-O 12. O-O h6 13. Rad1 g5 14. c3 Nh5
15. g3 Rh7 16. Qc2 Rhd7 17. a3 b6 18. b4 cxb4 19. axb4 Kb7 20. Qa4 a6 21. Kg2
Nf6 22. h3 Ng8 23. Rd2 Nb8 24. c4 Qf8 25. Qb3 Nc6 26. b5 Nd4 27. Bxd4 exd4 28.
bxa6+ Ka7 29. Qb5 c5 30. Rb2 Qd6 31. Rfb1 Rb8 32. Nc1 Ne7 33. e5 Qc7 34. Nb3
Rdd8 35. Re1 Nf5 36. Kh2 Ne3 37. Reb1 h5 38. Nd2 Qxe5 39. Qc6 Rdc8 40. Qe4 Qc7
41. Qxe6 Re8 42. Qf6 Nd5 43. Qxg5 Re5 44. Qh4 Re2+ 45. Kh1 Nc3 46. Ne4 Re3 47.
Rf1 Rxd3 48. Nf6 Rf8 49. Qg5 Qf7 50. Qe5 Re3 51. Qd6 Re6 52. Qd7+ Qxd7 53. Nxd7
Rd8 54. Nxc5 bxc5 55. Rb7+ Ka8 0-1

[Event "Benidorm 2005 - sub2300"]
[Site "Benidorm ESP"]
[Date "2005.11.18"]
[Round "8.6"]
[White "Cruz Alvarez de Ron, Dan"]
[Black "Serrano Marhuenda, Salvador"]
[Result "1-0"]
[WhiteElo "2244"]
[BlackElo "2186"]
[PlyCount "85"]
[EventDate "2005.11.11"]
[EventType "swiss"]
[EventRounds "9"]
[EventCountry "ESP"]
[Source "lmi"]
[SourceDate "2005.11.11"]

1. Nf3 Nf6 2. c4 g6 3. b4 Bg7 4. Bb2 d6 5. d3 O-O 6. Nbd2 Nbd7 7. g3 e5 8. Qc2
c5 9. a3 b6 10. Bg2 Bb7 11. O-O Qe7 12. Ne1 Bxg2 13. Nxg2 Rfe8 14. Ne4 Rac8 15.
b5 d5 16. Nxf6+ Nxf6 17. cxd5 Nxd5 18. e4 Nc7 19. a4 Qd7 20. Ra3 h5 21. Ne3
Rcd8 22. Nc4 Qh3 23. f3 Rd7 24. Rb3 Ne6 25. a5 bxa5 26. Nxe5 Rb7 27. Ba1 h4 28.
Qg2 Qxg2+ 29. Kxg2 hxg3 30. hxg3 Nc7 31. Nc4 Rxb5 32. Rxb5 Nxb5 33. Bxg7 Kxg7
34. Ra1 Rd8 35. Rxa5 a6 36. Nb2 Rd6 37. Kf2 c4 38. Nxc4 Rxd3 39. Rxa6 Nd4 40.
Ne5 Rb3 41. Ra7 Kf6 42. f4 Ke6 43. Nxf7 1-0

[Event "Benidorm 2005 - sub2300"]
[Site "Benidorm ESP"]
[Date "2005.11.18"]
[Round "8.7"]
[White "Sanchez Aller, Fernando"]
[Black "Plaza Pardo, Daniel"]
[Result "1-0"]
[WhiteElo "2274"]
[BlackElo "2136"]
[PlyCount "102"]
[EventDate "2005.11.11"]
[EventType "swiss"]
[EventRounds "9"]
[EventCountry "ESP"]
[Source "lmi"]
[SourceDate "2005.11.11"]

1. e4 c5 2. Nf3 Nc6 3. d4 cxd4 4. Nxd4 Nf6 5. Nc3 e5 6. Ndb5 d6 7. Bg5 a6 8.
Na3 b5 9. Bxf6 gxf6 10. Nd5 Bg7 11. c3 f5 12. exf5 Bxf5 13. Nc2 O-O 14. Nce3
Be6 15. Bd3 f5 16. O-O Ne7 17. Nxe7+ Qxe7 18. Bxf5 Kh8 19. Bxe6 Qxe6 20. Nd5
Ra7 21. a4 Rb8 22. Nb4 Qd7 23. Qd5 bxa4 24. Rfd1 Rb6 25. Qa5 Rb5 26. Qxa4 h6
27. Rd5 Rab7 28. Rxb5 axb5 29. Qb3 Rb8 30. Qd5 Rf8 31. Re1 Qa7 32. Rf1 Qc5 33.
g3 Rf6 34. Qxc5 dxc5 35. Nd3 Rc6 36. Re1 c4 37. Nxe5 Ra6 38. f4 Ra2 39. Re2 Kg8
40. Kf2 Bf8 41. Kf3 Kg7 42. Rc2 Ba3 43. Ke2 Rxb2 44. Rxb2 Bxb2 45. Kd2 Ba3 46.
Nc6 Bc5 47. Nd4 Kf6 48. Nxb5 Bg1 49. Ke2 Ke6 50. Kf3 h5 51. h3 Bb6 1-0

[Event "Benidorm 2005 - sub2300"]
[Site "Benidorm ESP"]
[Date "2005.11.18"]
[Round "8.8"]
[White "Tscharotschkin, Michael"]
[Black "Sabater Sanchez, Asensio"]
[Result "0-1"]
[WhiteElo "2216"]
[BlackElo "2125"]
[PlyCount "78"]
[EventDate "2005.11.11"]
[EventType "swiss"]
[EventRounds "9"]
[EventCountry "ESP"]
[Source "lmi"]
[SourceDate "2005.11.11"]

1. e4 Nf6 2. e5 Nd5 3. c4 Nb6 4. c5 Nd5 5. d4 e6 6. Nf3 b6 7. cxb6 axb6 8. Nc3
Nxc3 9. bxc3 d5 10. Bd3 Ba6 11. O-O Be7 12. a4 Nc6 13. Re1 Bxd3 14. Qxd3 Na5
15. Re2 Qd7 16. Qb5 Nc4 17. Rea2 Ra5 18. Qb3 h6 19. Nd2 Qc6 20. Qd1 Nxd2 21.
Bxd2 Qc4 22. Qg4 g6 23. f4 h5 24. Qf3 Kd7 25. Be1 b5 26. Qf2 Rha8 27. Rb1 Rxa4
28. Rab2 Ra2 29. Qf1 Qxf1+ 30. Kxf1 Rxb2 31. Rxb2 Kc6 32. h4 Kb6 33. Ke2 Ra1
34. g3 c6 35. Kd2 Ka5 36. Bf2 Ka4 37. Kd3 Ba3 38. Re2 Rd1+ 39. Rd2 Rc1 0-1

[Event "Benidorm 2005 - sub2300"]
[Site "Benidorm ESP"]
[Date "2005.11.18"]
[Round "8.9"]
[White "Ballesteros, David"]
[Black "Acebal Muñiz, Antonio"]
[Result "1-0"]
[WhiteElo "2163"]
[BlackElo "2217"]
[PlyCount "95"]
[EventDate "2005.11.11"]
[EventType "swiss"]
[EventRounds "9"]
[EventCountry "ESP"]
[Source "lmi"]
[SourceDate "2005.11.11"]

1. d4 d5 2. c4 e6 3. Nc3 Nf6 4. Bg5 Nbd7 5. e3 Be7 6. Nf3 O-O 7. Rc1 c6 8. a3
a6 9. Bd3 dxc4 10. Bxc4 Nd5 11. Bxe7 Qxe7 12. e4 Nxc3 13. Rxc3 e5 14. O-O b5
15. Ba2 Bb7 16. d5 c5 17. d6 Qf6 18. Bd5 Rab8 19. Bxb7 Rxb7 20. Qd5 Rb6 21. Rd1
Re8 22. h3 Qe6 23. Rxc5 Nxc5 24. Qxc5 Rb7 25. Nxe5 f6 26. Qc6 Rbb8 27. d7 Qxe5
28. dxe8=Q+ Rxe8 29. Qd5+ Qxd5 30. exd5 Kf7 31. Kf1 Re5 32. d6 Ke8 33. Rc1 Kd7
34. Rc7+ Kxd6 35. Rxg7 Rc5 36. Ra7 Rc1+ 37. Ke2 Rc2+ 38. Ke3 Rxb2 39. Rxa6+ Ke5
40. f4+ Kf5 41. g4+ Kg6 42. h4 Kg7 43. Ke4 b4 44. Ra7+ Kg6 45. h5+ Kh6 46. Kf5
Rf2 47. axb4 Rb2 48. g5+ 1-0

[Event "Benidorm 2005 - sub2300"]
[Site "Benidorm ESP"]
[Date "2005.11.18"]
[Round "8.10"]
[White "Monmeneu Chulia, Victor"]
[Black "Martin Blanco, Fernando"]
[Result "1/2-1/2"]
[WhiteElo "2197"]
[BlackElo "2138"]
[PlyCount "88"]
[EventDate "2005.11.11"]
[EventType "swiss"]
[EventRounds "9"]
[EventCountry "ESP"]
[Source "lmi"]
[SourceDate "2005.11.11"]

1. e4 e6 2. d4 d5 3. e5 c5 4. c3 Nc6 5. Nf3 Qb6 6. a3 Nh6 7. b4 cxd4 8. cxd4
Nf5 9. Be3 f6 10. Bd3 Be7 11. Bxf5 exf5 12. O-O Be6 13. Nc3 O-O 14. Ne2 g5 15.
exf6 Bxf6 16. Bxg5 Bg7 17. Qd3 a6 18. Rad1 Rae8 19. Rfe1 Kh8 20. Nf4 Bg8 21.
Re3 Re4 22. Ne2 h6 23. Bf4 Nxd4 24. Nfxd4 Bxd4 25. Nxd4 Rxf4 26. f3 Rh4 27. Re5
Rc8 28. g3 Rh5 29. f4 Rc4 30. Kg2 Qc7 31. Qe2 Qf7 32. Re7 Qf6 33. Re1 Bf7 34.
Nf3 Re4 35. Rxe4 fxe4 36. Ne5 Rxe5 37. fxe5 Qxe5 38. Qe3 Kh7 39. Rf1 Bh5 40.
Qf4 Bf3+ 41. Rxf3 exf3+ 42. Kxf3 Qc3+ 43. Qe3 Qf6+ 44. Ke2 Qb2+ 1/2-1/2